000 00523nam a2200169Ia 4500
999 _c28184
_d28184
003 OSt
005 20201228123658.0
008 190216s9999||||xx |||||||||||||| ||und||
040 _coclc
082 _a894.812301
_bPAD/K
100 _aPadmanabhan, T
_97032
245 0 _aKatha Theerumbol Vanampadi Parakkunnu /
_cT Padmanabhan
260 _bCalicut University Press,
_aUniversity Of Calicut:
_c2002.
300 _a98p
650 _aKathakal
942 _cBK
_2ddc
_h894.812301
_iPAD/K
_k894.812301
_mPAD/K